MEN'S health adviser

Bibliographic Details
Other Authors: LAFAVORE, Michael
Format: Book
Published: Pennsylvania : Rodale Press , 1992
Subjects:

MARC

LEADER 00000cam a2200000 7i4500
001 0000001548
002 000001694
005 20000330.0
020 |a 0875961258 
090 0 0 |a 613.04234   |b MEN 
245 0 0 |a MEN'S health adviser   |c edited by Michael Lafavore 
260 |a Pennsylvania :   |b Rodale Press ,   |c 1992 
300 |a 303p. ;   |c 22cm. 
650 0 0 |a Men   |x Health and hygiene 
700 1 |a LAFAVORE, Michael 
999 |a 034494   |b BUKU   |c PINJAMAN   |e PERPUSTAKAAN KOMUNITI PETALING JAYA